|
003 -Nazwa inst., której nr kontr. jest w polu 001 [,]
|
-
- @
- Nazwa instytucji, której n kontrolny jest w polu 001
- NUKAT
|
|
005 -DATA I CZAS OSTATNIEJ MODYFIKACJI [,]
|
-
- @
- pole kontrolne
- 20250904101432.0
|
|
020 -Międzynarod. znormalizowany nr książki - ISBN [ , ]
|
-
- a
- Numer ISBN
- 9788365360014
|
|
040 -Instytucja sporządzająca opis [ , ]
|
-
- a
- Instytucja, która sporządziła opis (NP)
- KR U/MSo
-
- c
- Instytucja, która sporządziła rekord (NP)
- KR U/MSo
-
- d
- Instytucja, która zmodyfikowała rekord (P)
- KR U/KNs
|
|
041 -Język dokumentu [0, ]
|
-
- a
- Język tekstu (P)
- polski
-
- a
- Język tekstu (P)
- angielski
-
- b
- Język streszczeń lub abstraktu (P)
- angielski
-
- b
- Język streszczeń lub abstraktu (P)
- polski
|
|
942 -Rodzaj dokumentu [ , ]
|
-
- c
- Rodzaj dokumentu
- Książka
|
|
080 -Uniwersalna Klasyfikacja Dziesiętna [ , ]
|
-
- 2
- Identyfikator wydania tablic
- UDC-P058
-
-
-
- b
- Dopowiedzenie
- Nauki ekonomiczne. Gospodarka. Ekonomia.
-
-
-
- c
- Dopowiedzenie poddz. wspólnego
- (Wydawnictwa odnoszące się do konferencji, zjazdów itd. Sprawozdania z konferencji).
|
|
080 -Uniwersalna Klasyfikacja Dziesiętna [ , ]
|
-
- 2
- Identyfikator wydania tablic
- UDC-P058
-
-
- a
- Symbol klasyfikacji
- 005
-
- b
- Dopowiedzenie
- Zarządzanie.
-
-
-
- c
- Dopowiedzenie poddz. wspólnego
- (Wydawnictwa odnoszące się do konferencji, zjazdów itd. Sprawozdania z konferencji).
|
|
080 -Uniwersalna Klasyfikacja Dziesiętna [ , ]
|
-
- 2
- Identyfikator wydania tablic
- UDC-P058
-
-
- a
- Symbol klasyfikacji
- 339.138
-
- b
- Dopowiedzenie
- Marketing. Badania marketingowe.
-
-
-
- c
- Dopowiedzenie poddz. wspólnego
- (Wydawnictwa odnoszące się do konferencji, zjazdów itd. Sprawozdania z konferencji).
|
|
080 -Uniwersalna Klasyfikacja Dziesiętna [ , ]
|
-
- 2
- Identyfikator wydania tablic
- UDC-P058
-
-
- a
- Symbol klasyfikacji
- 336
-
- b
- Dopowiedzenie
- Finanse. Finanse publiczne. Cła. Bankowość. Pieniądz.
-
-
-
- c
- Dopowiedzenie poddz. wspólnego
- (Wydawnictwa odnoszące się do konferencji, zjazdów itd. Sprawozdania z konferencji).
|
|
650 -Hasło przedmiotowe [ ,7]
|
-
- a
- Hasło przedmiotowe
- Ekonomia.
-
-
|
|
650 -Hasło przedmiotowe [ ,7]
|
-
- a
- Hasło przedmiotowe
- Finanse.
-
-
|
|
650 -Hasło przedmiotowe [ ,7]
|
-
- a
- Hasło przedmiotowe
- Zarządzanie.
-
-
|
|
650 -Hasło przedmiotowe [ ,7]
|
-
- a
- Hasło przedmiotowe
- Marketing.
-
-
|
|
980 -Symbol UKD [ , ]
|
-
- a
- UKD
- 33:005:339.138:336](061)
|
|
700 -Hasło dodatkowe - nazwa osobowa [1, ]
|
-
- a
- Nazwa osobowa (NP)
- Babis, Henryk.
-
- e
- Określenie rodzaju współpracy
- Red.
-
|
|
700 -Hasło dodatkowe - nazwa osobowa [1, ]
|
-
- a
- Nazwa osobowa (NP)
- Janowski, Marcin
-
- c
- Dopowiedzenie inne niż daty biograficzne (NP)
- (ekonomia).
-
- e
- Określenie rodzaju współpracy
- Red.
-
|
|
700 -Hasło dodatkowe - nazwa osobowa [1, ]
|
-
- a
- Nazwa osobowa (NP)
- Musiał, Marta
-
- c
- Dopowiedzenie inne niż daty biograficzne (NP)
- (ekonomia).
-
- e
- Określenie rodzaju współpracy
- Red.
-
|
|
700 -Hasło dodatkowe - nazwa osobowa [1, ]
|
-
- a
- Nazwa osobowa (NP)
- Rzempała, Joanna.
-
- e
- Określenie rodzaju współpracy
- Red.
-
|
|
710 -Hasło dodatkowe - nazwa ciała zbiorowego [2, ]
|
-
- a
- Nazwa ciała zbiorowego lub nazwa geograficzna jako pierwszy element (NP)
- Polskie Towarzystwo Ekonomiczne.
-
- b
- Nazwa jednostki podrzędnej (P)
- Oddział (Szczecin).
-
-
|